00687nam a2200157 a 450000100100000000500170001000800410002704000250006824501220009326000690021530000210028450000410030571000610034695201050040799900170051200001362220251120073732.0091126s2006 dr 000 0 spa d aDO-SdBNPbspacBNPHU00aEnsayos y monografías sobre el derecho procesal penal dominicano /cEnsayista y coordinador José Alberto Cruceta. aSanto Domingo :bPontificia Universidad Madre y Maestra (PUCMM). a337 p. ;c24 cm. aIcluye notas al pie de las páginas2 aPontificia Universidad Católica Madre y Maestra 9843 0010718PDaGRbGRcHDd2013-10-21iLF1l0o p13622-40r2020-06-25w2020-06-25yLFPDZNo se presta c13236d13236